| 000 -LEADER |
| fixed length control field |
00954nam a2200253Ia 4500 |
| 001 - CONTROL NUMBER |
| control field |
18243 |
| 003 - CONTROL NUMBER IDENTIFIER |
| control field |
GE_BSU |
| 008 - FIXED-LENGTH DATA ELEMENTS--GENERAL INFORMATION |
| fixed length control field |
181216s||||||||xx |||||||||||||| ||und|| |
| 020 ## - INTERNATIONAL STANDARD BOOK NUMBER |
| International Standard Book Number |
9783468496554 |
| 040 ## - CATALOGING SOURCE |
| Transcribing agency |
GE_BSU |
| 080 ## - UNIVERSAL DECIMAL CLASSIFICATION NUMBER |
| Universal Decimal Classification number |
811.112 |
| 100 ## - MAIN ENTRY--PERSONAL NAME |
| Personal name |
Schatz Heide,Eva-Maria Jenkins |
| 245 ## - TITLE STATEMENT |
| Title |
Fertigkeit Sprechen |
| 260 ## - PUBLICATION, DISTRIBUTION, ETC. |
| Place of publication, distribution, etc. |
Munchen |
| 260 ## - PUBLICATION, DISTRIBUTION, ETC. |
| Name of publisher, distributor, etc. |
Langenscheidt |
| 260 ## - PUBLICATION, DISTRIBUTION, ETC. |
| Date of publication, distribution, etc. |
2006 |
| 300 ## - PHYSICAL DESCRIPTION |
| Extent |
208 pages,ill,30cm |
| 653 ## - INDEX TERM--UNCONTROLLED |
| Uncontrolled term |
Bibliographic information QR code for Fertigkeit Sprechen Fertigkeit Sprechen Cursos a distancia Fernstudienangebot Germanistik Volume 20 of Fernstudienangebot Series Fernstudienprojekt zur Fort- und Weiterbildung im Bereich Germanistik und Deutsch als Fremdsprache, Deutsches Institut für Fer |
| 653 ## - INDEX TERM--UNCONTROLLED |
| Uncontrolled term |
Fertigkeit Sprechen |
| 653 ## - INDEX TERM--UNCONTROLLED |
| Uncontrolled term |
Language Arts & Disciplines › Study & Teaching |
| 653 ## - INDEX TERM--UNCONTROLLED |
| Uncontrolled term |
გერმანული ენა (გრამატიკა) |
| 942 ## - ADDED ENTRY ELEMENTS (KOHA) |
| Koha item type |
წიგნი |